000 00247nam a2200097Ia 4500
005 20251222114403.0
008 251222s1900||||xx |||||||||||||| ||spa||
082 _aDVD0111/S54/2007
245 0 _aLos Simpson la pelĂ­cula:The Simpson movie
942 _cDVD
999 _c1722
_d1722